Plastics Technology Handbook. (Record no. 1390)

MARC details
005 - DATE AND TIME OF LATEST TRANSACTION
control field 20250623124908.0
020 ## - INTERNATIONAL STANDARD BOOK NUMBER
International Standard Book Number 0-8247-0066-X
082 ## - DEWEY DECIMAL CLASSIFICATION NUMBER
Classification number LM 620.1921 CHA
100 ## - MAIN ENTRY--PERSONAL NAME
Author name CHANDA, M.
245 ## - TITLE STATEMENT
Title Plastics Technology Handbook.
250 ## - EDITION STATEMENT
Edition statement 3rd Ed
260 ## - PUBLICATION, DISTRIBUTION, ETC.
Place of publication, distribution, etc. New York,
Name of publisher, distributor, etc. Marcel Dekker, Inc,
Date of publication, distribution, etc. 1998.
300 ## - PHYSICAL DESCRIPTION
Extent xi,1195p.: ill.; graph, table
Other physical details Index
Dimensions 24cm
700 ## - ADDED ENTRY--PERSONAL NAME
Other authors/Editors ROY, S. K.
942 ## - ADDED ENTRY ELEMENTS (KOHA)
Source of classification or shelving scheme Dewey Decimal Classification
Koha item type Books
Holdings
Date last seen Total checkouts Full call number Barcode Cost, replacement price Price effective from Koha item type Lost status Source of classification or shelving scheme Damaged status Not for loan Withdrawn status Home library Current library Shelving location Date acquired Cost, normal purchase price
04/14/2025   LM 620.1921 CHA 0000004271 30000.00 04/14/2025 Books   Dewey Decimal Classification       College of Business Education Main Library College of Business Education Main Library Special Reserve Collection 04/14/2025 10000.00